Peribahasa dalam penggunaan

Bibliographic Details
Main Author: Mohd. Tajuddin bin Haji Abdul Rahman
Format: Book
Published: Selangor : Penerbit Fajar Bakti Sdn. Bhd. , 1986
Subjects:

MARC

LEADER 00000cam a2200000 7i4500
001 0000056089
005 20151206.0
008 151206
020 |a 9679330001 
090 0 0 |a 499.2   |b MOH 
100 1 |a Mohd. Tajuddin bin Haji Abdul Rahman 
245 1 0 |a Peribahasa dalam penggunaan   |c Mohd. Tajuddin bin Haji Abdul Rahman 
260 |a Selangor :   |b Penerbit Fajar Bakti Sdn. Bhd. ,   |c 1986 
300 |a 307pg. :   |b ill. 
650 0 |a Peribahasa 
999 |a 0000087336   |b Book   |c Adult Collection   |e Cawangan Mersing 
999 |a 0000087337   |b Book   |c Adult Collection   |e Cawangan Mersing 
999 |a 0000087338   |b Book   |c Adult Collection   |e Cawangan Mersing 
999 |a 0000087351   |b Book   |c Adult Collection   |e Cawangan Muar 
999 |a 000087327   |b Book   |c Adult Collection   |e Cawangan Tmn. Ungku Tun Aminah